IT applications for decentralized development in Asia : cases and computer exercises

Bibliographic Details
Corporate Author: Asian and Pacific Development Centre
Other Authors: Rao, S. A. Samad
Format: Book
Published: Kuala Lumpur : Asian & Pacific Development Centre , 1992
Subjects:

MARC

LEADER 00000cam a2200000 7i4500
001 0000002616
005 20030828.0
090 0 0 |a 303.4833   |b ATA 1992 
245 0 0 |a IT applications for decentralized development in Asia :   |b cases and computer exercises   |c T.P. Rama Rao, S.A. Samad, editors 
260 0 0 |a Kuala Lumpur :   |b Asian & Pacific Development Centre ,   |c 1992 
300 |a ix, 158 p. :   |b ill., maps ;   |c 25 cm. 
500 0 0 |a Bibliography : p. 154 
650 0 0 |a Information systems   |z Asia 
650 0 0 |a Information technology   |z Asia 
700 0 1 |a Rao   |h T. P. Rama 
700 0 1 |a S. A. Samad 
710 1 1 |a Asian and Pacific Development Centre 
998 |a JPSM 
999 |a 0000004374   |b Monograph   |c Open Shelf   |e Default branch